wszyscy zwycięzcy superpucharu polski - Statystyki

Ogólne statystyki
  • Ten quiz został rozwiązany 117 razy
    56 od ostatniego zresetowania
  • Średni wynik to 29 z 34
Statystyki odpowiedzi
rok klub który wygrał % Poprawnych
1990 lech poznań
100%
1992 lech poznań
100%
2004 lech poznań
100%
2009 lech poznań
100%
2015 lech poznań
100%
2016 lech poznań
100%
1989 legia warszawa
100%
1994 legia warszawa
100%
1997 legia warszawa
100%
2008 legia warszawa
100%
2023 legia warszawa
100%
2025 legia warszawa
100%
2010 jagiellonia białystok
98%
2024 jagiellonia białystok
98%
1983 lechia gdańsk
92%
2019 lechia gdańsk
92%
2021 raków częstochowa
92%
2022 raków częstochowa
92%
2001 wisła kraków
92%
1988 górnik zabrze
90%
1987 śląsk wrocław
82%
2012 śląsk wrocław
82%
2000 polonia warszawa
80%
1996 widzew łódź
78%
2017 arka gdynia
76%
2018 arka gdynia
76%
2020 cracovia
76%
2007 zagłębie lubin
65%
2014 zawisza bydgoszcz
61%
1998 amica wronki
59%
1999 amica wronki
59%
1991 gks katowice
59%
1995 gks katowice
59%
2006 wisła płock
53%
Nie znaleziono quizów pasujących do podanych kryteriów
Rozkład punktacji
Procent ludzi z każdym wynikiem
Percentyl według liczby udzielonych odpowiedzi
Twoja historia wyników
Nie rozwiązałeś tego quizu od ostatniego zresetowania